| 000 | 00786nam a2200205 a 4500 | ||
|---|---|---|---|
| 008 | 140811s2003 ||||||||||||||||| || u | ||
| 020 | _a0787670685 | ||
| 022 | _a0748-0881 | ||
| 050 | _a791.43 Vid | ||
| 110 | _aNational Video Clearinghouse | ||
| 245 | 1 | 4 | _aThe video source book. |
| 250 | _a30th ed. | ||
| 260 |
_aDetroit: _bThomson/Gale _c2003 |
||
| 300 | _a2v. | ||
| 362 | 1 | _a<p>1st. ed.-</p> | |
| 650 | 3 | _aVIDEO RECORDING--INDEXES | |
| 650 | 0 | _aVIDEO RECORDINGS--CATALOGS | |
| 995 |
_FCBU-DAG HAMMARSKJOLD INSTITUTE LIBRARY _M1 _UREFERENCE _WAug 11, 2014 _ZAmerican Collection |
||
| 995 |
_FCBU-DAG HAMMARSKJOLD INSTITUTE LIBRARY _M2 _UREFERENCE _WAug 11, 2014 _ZAmerican Collection |
||
| 999 |
_c30668 _d30668 |
||